| 000 | 00620nam a2200181 a 4500 | ||
|---|---|---|---|
| 001 | 512 | ||
| 003 | CDMR | ||
| 005 | 20131003114348.0 | ||
| 008 | 130130s2003||||sp |||||||||||||||||cat|d | ||
| 040 |
_aCDMR _bcat _cCDMR |
||
| 245 | 0 |
_aPresència i imatges del Sud als informatius de les televisions de Catalunya _ctext, gràfiques i taules: Mònica Garcia... [et al.] |
|
| 260 |
_bDiputació de Barcelona. Xarxa de municipis _c2003 _aBarcelona |
||
| 300 |
_a147 p. _bgraf. _c34 cm |
||
| 650 | 0 | 4 |
_93832 _aNord i Sud |
| 650 | 0 | 4 |
_93157 _aTelevisió _xNoticiaris _zCatalunya |
| 710 | 2 |
_9628 _aBarcelona _b-- Diputació |
|
| 942 |
_cMON _2udc |
||
| 999 |
_c512 _d512 |
||